000 00317nam a22001337a 4500
008 171107b xxu||||| |||| 00| 0 eng d
020 _a9780077344931
041 _aeng
080 _23RD
_a330.722.6
100 _a62
101 _aKON
245 _aFUNDAMENTALS OF FINANCIAL ACCOUNTING
_cPHILLIPS,F
942 _2udc
_cBK
999 _c38032
_d38032